|
|
|
|
| LEADER |
00767nab a2200205 i 4500 |
| 001 |
publ18477 |
| 005 |
20200403125642.0 |
| 008 |
200403s2017 hu o 0|| zxx d |
| 022 |
|
|
|a 0026-1890
|
| 024 |
7 |
|
|a 3315112
|2 mtmt
|
| 040 |
|
|
|a SZTE Publicatio Repozitórium
|b hun
|
| 041 |
|
|
|a zxx
|
| 100 |
1 |
|
|a Barczi Attila
|
| 245 |
1 |
0 |
|a Biogázüzemi fermentálási maradék termőföldre történő kihelyezésének szabályozása Magyarországon. 1. rész.
|h [elektronikus dokumentum] /
|c Barczi Attila
|
| 260 |
|
|
|c 2017
|
| 300 |
|
|
|a 2-4
|
| 490 |
0 |
|
|a MEZŐGAZDASÁGI TECHNIKA
|v 58 No. december
|
| 700 |
0 |
1 |
|a Szalai Dániel Ákos
|e aut
|
| 700 |
0 |
1 |
|a Nagy Valéria
|e aut
|
| 856 |
4 |
0 |
|u http://publicatio.bibl.u-szeged.hu/18477/1/MezogazdasagiTechnika_1resz_2017dec.pdf
|z Dokumentum-elérés
|